[Event "4NCL Division Two"]
[Site "Sunningdale"]
[Date "2009.10.24"]
[Round "1.77"]
[White "French, Angus"]
[Black "Baruch, Andrew JD"]
[Result "1/2-1/2"]
[WhiteElo "2099"]
[BlackElo "2089"]
[PlyCount "68"]
[EventDate "2009.10.24"]
[EventType "team"]
[EventRounds "11"]
[EventCountry "ENG"]
[SourceDate "2009.10.24"]
[WhiteTeam "Celtic Tigers"]
[BlackTeam "Warwickshire Select"]

1. e4 Nf6 2. e5 Nd5 3. c4 Nb6 4. d4 d6 5. exd6 cxd6 6. Nc3 g6 7. Be3 Bg7 8. Rc1
O-O 9. b3 e6 10. Nf3 Bd7 11. Be2 d5 12. c5 Nc8 13. b4 a6 14. O-O Ne7 15. Bf4
Nbc6 16. Bd6 Nf5 17. Bxf8 Kxf8 18. Re1 Nfxd4 19. Nxd4 Nxd4 20. Bf1 b5 21. g3
Bc6 22. Bg2 a5 23. a3 e5 24. h4 e4 25. h5 axb4 26. axb4 Qg5 27. hxg6 hxg6 28.
Ne2 Ne6 29. Bxe4 Ra4 30. Rb1 Nxc5 31. Bc2 Ne6 32. Bxa4 d4 33. Rc1 Bb7 34. Rc8+
Bxc8 1/2-1/2

[Event "4NCL Division Two"]
[Site "Sunningdale"]
[Date "2009.10.24"]
[Round "1.81"]
[White "Stimpson, Philip M"]
[Black "Almond, Richard"]
[Result "0-1"]
[WhiteElo "2085"]
[BlackElo "2144"]
[PlyCount "86"]
[EventDate "2009.10.24"]
[EventType "team"]
[EventRounds "11"]
[EventCountry "ENG"]
[SourceDate "2009.10.24"]
[WhiteTeam "Guildford A&DC III"]
[BlackTeam "FCA Solutions"]

1. e4 d5 2. exd5 Qxd5 3. Nc3 Qa5 4. d4 c6 5. Nf3 Nf6 6. Bd2 Bf5 7. Bc4 e6 8.
Nd5 Qd8 9. Nxf6+ gxf6 10. Qe2 Bxc2 11. d5 cxd5 12. Bb5+ Nd7 13. Nd4 Be4 14. f3
Bg6 15. Nxe6 fxe6 16. Qxe6+ Be7 17. Qxd5 a6 18. Ba4 b5 19. Bb3 Ne5 20. Qb7 Qc8
21. Qd5 Bf7 22. Qe4 Bxb3 23. axb3 Qc6 24. Qh4 Qxf3 25. gxf3 Nxf3+ 26. Kf2 Nxh4
27. Rhe1 Kf7 28. Re4 Bc5+ 29. Kg3 Nf5+ 30. Kf4 Nd6 31. Re2 Bd4 32. Bb4 Be5+ 33.
Kf3 Nf5 34. Bc5 Nd4+ 35. Bxd4 Bxd4 36. Rd1 Be5 37. Rd7+ Ke6 38. Rb7 Rad8 39.
Rc2 Rd6 40. Rcc7 Rd3+ 41. Ke4 Rd4+ 42. Ke3 Bxc7 43. Kxd4 Kd6 0-1

[Event "4NCL Division Two"]
[Site "Sunningdale"]
[Date "2009.10.24"]
[Round "1.82"]
[White "Macdonald-Ross, Michael"]
[Black "Hill, David F"]
[Result "1/2-1/2"]
[WhiteElo "2176"]
[BlackElo "2048"]
[PlyCount "37"]
[EventDate "2009.10.24"]
[EventType "team"]
[EventRounds "11"]
[EventCountry "ENG"]
[SourceDate "2009.10.24"]
[WhiteTeam "FCA Solutions"]
[BlackTeam "Guildford A&DC III"]

1. d4 Nf6 2. Nf3 d6 3. g3 g6 4. Bg2 Bg7 5. c4 O-O 6. O-O c5 7. d5 b5 8. cxb5 a6
9. b6 Nbd7 10. Nc3 Nxb6 11. Nd2 Bb7 12. e4 Ne8 13. Re1 Nc7 14. a4 Ra7 15. Qb3
Nd7 16. Nc4 Ne5 17. Nxe5 Bxe5 18. Bh6 Re8 19. Be3 1/2-1/2

[Event "4NCL Division Two"]
[Site "Sunningdale"]
[Date "2009.10.24"]
[Round "1.83"]
[White "Shepley, Julien M"]
[Black "Habershon, Paul F"]
[Result "1-0"]
[WhiteElo "2022"]
[BlackElo "2089"]
[PlyCount "67"]
[EventDate "2009.10.24"]
[EventType "team"]
[EventRounds "11"]
[EventCountry "ENG"]
[SourceDate "2009.10.24"]
[WhiteTeam "Guildford A&DC III"]
[BlackTeam "FCA Solutions"]

1. d4 Nf6 2. Bg5 c5 3. d5 Qb6 4. Nc3 Qxb2 5. Bd2 Qb6 6. e4 d6 7. f4 Qc7 8. Nf3
Bg4 9. Bb5+ Nfd7 10. h3 Bxf3 11. Qxf3 a6 12. Be2 g6 13. a4 Bg7 14. O-O O-O 15.
Rab1 c4 16. Kh1 Nc5 17. Rb4 Nbd7 18. Rxc4 a5 19. Nb5 Qd8 20. Bc3 Nb6 21. Bxg7
Kxg7 22. Rd4 Ncxa4 23. e5 Nc5 24. exd6 exd6 25. f5 Qf6 26. Qg3 Qe5 27. f6+ Kh8
28. Qf2 Ne4 29. Rxe4 Qxe4 30. Bd3 Qxd5 31. Qxb6 Qc6 32. Qe3 a4 33. Qh6 Rg8 34.
Rf4 1-0

[Event "4NCL Division Two"]
[Site "Sunningdale"]
[Date "2009.10.24"]
[Round "1.84"]
[White "Brown, Alan M"]
[Black "Higgs, Anthony RJ"]
[Result "1-0"]
[WhiteElo "2109"]
[BlackElo "1967"]
[PlyCount "71"]
[EventDate "2009.10.24"]
[EventType "team"]
[EventRounds "11"]
[EventCountry "ENG"]
[SourceDate "2009.10.24"]
[WhiteTeam "FCA Solutions"]
[BlackTeam "Guildford A&DC III"]

1. d4 Nf6 2. c4 c5 3. d5 b5 4. cxb5 a6 5. b6 Qxb6 6. Nc3 g6 7. e4 d6 8. Be2 Bg7
9. Nf3 O-O 10. O-O Nbd7 11. Rb1 Re8 12. Bf4 Bb7 13. Nd2 Rac8 14. Nc4 Qc7 15.
Be3 Ne5 16. Nxe5 dxe5 17. Bc4 Qd6 18. f3 Nd7 19. Na4 Rb8 20. Qe2 Rec8 21. Rfc1
Rc7 22. Qe1 Bc8 23. Qa5 Bf8 24. Bf1 e6 25. dxe6 fxe6 26. b4 c4 27. Rxc4 Rxc4
28. Bxc4 Qc6 29. Bf1 Qc2 30. Rb2 Qd1 31. b5 axb5 32. Rxb5 Rxb5 33. Qxb5 Nb8 34.
Nc5 Qe1 35. Bf2 Qc1 36. Qxb8 1-0

[Event "4NCL Division Two"]
[Site "Sunningdale"]
[Date "2009.10.24"]
[Round "1.85"]
[White "Lalic, Peter D"]
[Black "Kendall, Paul SN"]
[Result "1/2-1/2"]
[WhiteElo "1946"]
[BlackElo "2069"]
[PlyCount "47"]
[EventDate "2009.10.24"]
[EventType "team"]
[EventRounds "11"]
[EventCountry "ENG"]
[SourceDate "2009.10.24"]
[WhiteTeam "Guildford A&DC III"]
[BlackTeam "FCA Solutions"]

1. Nf3 c5 2. c4 Nc6 3. b3 e5 4. Nc3 d6 5. g3 Be7 6. Bg2 f5 7. O-O Nf6 8. e3 O-O
9. d4 e4 10. Ne1 Qa5 11. Bd2 Qd8 12. d5 Ne5 13. f3 exf3 14. Nxf3 Nfg4 15. Qe2
Bf6 16. Rae1 Bd7 17. e4 Nxf3+ 18. Bxf3 Bd4+ 19. Kh1 Ne5 20. Bg2 a6 21. Nd1 b5
22. Ne3 Bxe3 23. Bxe3 Qa5 24. Bh3 1/2-1/2

[Event "4NCL Division Two"]
[Site "Sunningdale"]
[Date "2009.10.24"]
[Round "1.86"]
[White "Freeman, Richard"]
[Black "Smart, Michael"]
[Result "0-1"]
[WhiteElo "2061"]
[BlackElo "1978"]
[PlyCount "57"]
[EventDate "2009.10.24"]
[EventType "team"]
[EventRounds "11"]
[EventCountry "ENG"]
[SourceDate "2009.10.24"]
[WhiteTeam "FCA Solutions"]
[BlackTeam "Guildford A&DC III"]

1. d4 Nf6 2. Bg5 c5 3. Nc3 cxd4 4. Qxd4 Nc6 5. Qh4 Qa5 6. O-O-O b5 7. e4 Rb8 8.
Kb1 b4 9. Nd5 b3 10. axb3 Nxd5 11. exd5 Nb4 12. Qd4 Bb7 13. Bc4 Rc8 14. Ne2
Qa2+ 15. Kc1 Bxd5 16. Nc3 Qa1+ 17. Kd2 Qxb2 18. Bd3 Na2 19. Qxd5 Qxc3+ 20. Ke3
Nb4 21. Qd4 Qc7 22. Ra1 Nc6 23. Qf4 e5 24. Qg3 Bc5+ 25. Ke2 Nd4+ 26. Kd2 Ne6
27. Be3 Bb4+ 28. Ke2 O-O 29. Rxa7 {
The scoresheets cease to make sense from this point.} 0-1

[Event "4NCL Division Two"]
[Site "Sunningdale"]
[Date "2009.10.24"]
[Round "1.87"]
[White "Gibbs, Daniel C"]
[Black "Elwin, Adrian G"]
[Result "1/2-1/2"]
[WhiteElo "1869"]
[BlackElo "2013"]
[PlyCount "63"]
[EventDate "2009.10.24"]
[EventType "team"]
[EventRounds "11"]
[EventCountry "ENG"]
[SourceDate "2009.10.24"]
[WhiteTeam "Guildford A&DC III"]
[BlackTeam "FCA Solutions"]

1. a3 d5 2. g3 Nf6 3. Bg2 c6 4. d3 Bf5 5. Nd2 e5 6. e4 Bg4 7. Ngf3 Nbd7 8. O-O
Bd6 9. Qe1 O-O 10. Nh4 dxe4 11. dxe4 Bc5 12. Nc4 Be6 13. b3 Ng4 14. Ne3 Ndf6
15. h3 Nxe3 16. Bxe3 Qb6 17. Bxc5 Qxc5 18. c4 Rad8 19. Qb4 Qxb4 20. axb4 a6 21.
Rad1 g6 22. Kh2 Nh5 23. Bf3 Ng7 24. Ng2 f6 25. Rxd8 Rxd8 26. Rd1 Rxd1 27. Bxd1
Kf7 28. Ne1 Ke7 29. Nd3 Bc8 30. f4 exf4 31. gxf4 h5 32. e5 1/2-1/2